000 00334nam a2200121 i 4500
001 bg
245 0 _aKonferencja naukowo-techniczna nt.Racjonalizacja zużycia energii elektrycznej paliw i materiałów.
260 _aBiałystok,
_c1988.
040 _cBPK
041 _apol
942 _cKS
008 s pl f |000 0 pol
999 _c28700
_d28700
856 _uhttp://koha.tu.koszalin.pl/cgi-bin/koha/opac-detail.pl?biblionumber=28700
_yKatalog online BPK